[Event "Summer Tournament for the intermediate players."]
[Site "SchemingMind.com"]
[Date "2009.06.14"]
[Round "-"]
[White "BigDaddy"]
[Black "surkimus"]
[Result "0-1"]
[WhiteCountry "AUT"]
[BlackCountry "FIN"]
[WhiteElo "1234"]
[WhiteRD "97"]
[BlackElo "1942"]
[BlackRD "84"]
[GameID "208618"]

1. e4 c5 2. Nf3 d6 3. d4 cxd4 4. Nxd4 Nf6 5. Nc3 g6 6. Bg5 Bg7 7. Bc4 O-O 8. O-O Nc6 9. Nf3 a6 10. Qe2 b5
11. Bd5 Bb7 12. Rfd1 Qc7 13. Qd3 Nb4 14. Qe3 Nxc2 15. Qc1 Nxa1 16. Qxa1 Bxd5 17. Qc1 Be6 18. b3 Rac8 19. Bd2 b4 20. Na4 Qxc1
21. Bxc1 Nxe4 22. Nb6 Rc2 23. Re1 Nxf2 24. Ng5 Bd4 25. Nxe6 fxe6 26. Be3 Bxe3 27. Rf1 Nh3+ 28. Kh1 Rxf1#
0-1

[Event "Summer Tournament for the intermediate players."]
[Site "SchemingMind.com"]
[Date "2009.06.14"]
[Round "-"]
[White "surkimus"]
[Black "BigDaddy"]
[Result "1-0"]
[WhiteCountry "FIN"]
[BlackCountry "AUT"]
[WhiteElo "1942"]
[WhiteRD "84"]
[BlackElo "1234"]
[BlackRD "97"]
[GameID "208623"]

1. e4 e5 2. Nf3 Nc6 3. Bb5 a6 4. Ba4 b5 5. Bb3 Bb7 6. O-O Nf6 7. Re1 Bc5 8. c3 Nxe4 9. Rxe4 O-O 10. Nxe5 Qe8
11. Nxf7 Rxf7 12. Rxe8+ Rxe8 13. d4 Bd6 14. Be3 Rf8 15. Qf3 Na5 16. Bxf7+ Rxf7 17. Qe2 Be4 18. Nd2
1-0

[Event "Summer Tournament for the intermediate players."]
[Site "SchemingMind.com"]
[Date "2009.06.19"]
[Round "-"]
[White "aadaam"]
[Black "stephen horton"]
[Result "1-0"]
[WhiteCountry "INT"]
[BlackCountry "USA"]
[WhiteElo "1748"]
[WhiteRD "47"]
[BlackElo "1391"]
[BlackRD "96"]
[GameID "209228"]

1. d4 d5 2. c4 e5 3. dxe5 dxc4 4. Qa4+ Bd7 5. Qxc4 Be6 6. Qb5+ Nc6 7. Qxb7 Nxe5 8. Qb5+ Qd7 9. Qxe5 Rd8 10. Nc3 Qd6
11. Qxd6 Bxd6 12. e4 Nf6 13. Bb5+ Nd7 14. Bg5 Be7 15. Bxe7 Kxe7 16. O-O-O Ne5 17. Nge2 Bc4 18. Bxc4 Nxc4 19. Nd5+ Ke6 20. Rhe1 f5
21. Nd4+ Kd6 22. Nxf5+ Ke5 23. f4+ Ke6 24. Nxc7+ Kf7 25. Nd5 g6 26. Nfe3 Rc8 27. Nxc4 Rxc4+ 28. Kb1 Rb8 29. e5 Ke6 30. g3 a5
31. Nf6 h5 32. Rd6+ Kf7 33. Red1 Rbc8 34. Nxh5 gxh5 35. f5 Kg7 36. Rd7+ Kh6 37. h4 Rg8 38. R1d6+
1-0

[Event "Summer Tournament for the intermediate players."]
[Site "SchemingMind.com"]
[Date "2009.06.19"]
[Round "-"]
[White "stephen horton"]
[Black "aadaam"]
[Result "0-1"]
[WhiteCountry "USA"]
[BlackCountry "INT"]
[WhiteElo "1391"]
[WhiteRD "96"]
[BlackElo "1748"]
[BlackRD "47"]
[GameID "209239"]

1. e4 e6 2. Nf3 d5 3. d3 c5 4. Bg5 Qb6 5. Ne5 Qxb2 6. Nd2 Qxe5 7. Nf3 Qc7 8. Qe2 dxe4 9. Qxe4 Nd7 10. Be2 Ngf6
11. Qa4 Be7 12. O-O O-O 13. Rab1 h6 14. Qh4 hxg5 15. Nxg5 Ne5 16. f4 Ng6 17. Qf2 Nd5 18. g3 Bxg5 19. fxg5 Nc3 20. Rb3 Nxe2+
21. Qxe2 b6 22. h4 Qxg3+ 23. Qg2 Qxg2+ 24. Kxg2 Nxh4+ 25. Kg1 Bb7 26. c4 f6 27. d4 cxd4 28. Rf4 Nf3+ 29. Kf2 Nxg5 30. Rxd4 Rfd8
31. Rf4 e5 32. Rg4 Rd2+ 33. Ke3 Rad8 34. c5 bxc5 35. Rd4 R8xd4 36. a4 f5
0-1

[Event "Summer Tournament for the intermediate players."]
[Site "SchemingMind.com"]
[Date "2009.06.22"]
[Round "-"]
[White "andu"]
[Black "David Hartley"]
[Result "0-1"]
[WhiteCountry "AUT"]
[BlackCountry "ENG"]
[WhiteElo "1835"]
[WhiteRD "49"]
[BlackElo "1884"]
[BlackRD "71"]
[GameID "209322"]

1. e4 e5 2. Nf3 Nc6 3. Bc4 Bc5 4. b4 Bxb4 5. c3 Bd6 6. d4 Nf6 7. Nbd2 O-O 8. O-O Na5 9. dxe5 Nxc4 10. Nxc4 Bxe5
11. Nfxe5 d6 12. Ba3 Nxe4 13. Qd3 dxe5 14. Qxe4 Re8 15. Rad1 Qg5 16. Bc1 Qf6 17. Rfe1 Be6 18. Qxe5 Qxe5 19. Nxe5 Bxa2 20. Rd7 Rac8
21. Rxf7 Bxf7 22. Bd2 Rcd8 23. Bg5 Rxe5 24. Kf1 Rxg5
0-1

[Event "Summer Tournament for the intermediate players."]
[Site "SchemingMind.com"]
[Date "2009.06.22"]
[Round "-"]
[White "David Hartley"]
[Black "andu"]
[Result "1-0"]
[WhiteCountry "ENG"]
[BlackCountry "AUT"]
[WhiteElo "1873"]
[WhiteRD "68"]
[BlackElo "1669"]
[BlackRD "64"]
[GameID "209328"]

1. e4 e5 2. Nf3 Nc6 3. Bb5 a6 4. Ba4 b5 5. Bb3 Bc5 6. c3 Nf6 7. d3 d5 8. Qe2 O-O 9. exd5 Nxd5 10. Qe4 f5
11. Qxd5+ Kh8 12. Qxc5 Qxd3 13. Qxf8#
1-0

[Event "Summer Tournament for the intermediate players."]
[Site "SchemingMind.com"]
[Date "2009.06.25"]
[Round "-"]
[White "echecs"]
[Black "e_castle3"]
[Result "0-1"]
[WhiteCountry "ENG"]
[BlackCountry "PHI"]
[WhiteElo "1816"]
[WhiteRD "58"]
[BlackElo "1740"]
[BlackRD "70"]
[GameID "209478"]

1. e4 c6 2. Nc3 d5 3. d4 dxe4 4. Nxe4 Nf6 5. Nxf6+ exf6 6. Bc4 Be7 7. Nf3 O-O 8. O-O Bg4 9. Qd3 Nd7 10. c3 Nb6
11. Bb3 Re8 12. Bc2 g6 13. Bd1 Bf8 14. Be3 Nd5 15. Bd2 b5 16. c4 Bf5 17. Qb3 bxc4 18. Qxc4 Qd6 19. a3 Be6 20. Qa6 Nc7
21. Qa4 Bd7 22. Qc2 Nd5 23. b4 Bg7 24. Qc5 Qc7 25. Bb3 Nb6 26. Rac1 Bf8 27. Qc2 Rac8 28. Qa2 Bg4 29. Ne1 Be2 30. a4 Qd6
31. Bxf7+ Kg7 32. Bxe8 Rxe8 33. Be3 Bxf1 34. Kxf1 Qxb4 35. Rxc6 Bd6 36. Nd3 Qa3 37. Qxa3 Bxa3 38. a5 Nd5 39. Bc1 Bxc1 40. Rxc1 Re7
41. Nc5 Nb4 42. Rd1 f5 43. a6 Kf6 44. f4 Nc2 45. Kf2 Ne3 46. Rd3 Ng4+ 47. Kg3 Ne3 48. h3 g5 49. fxg5+ Kxg5 50. Kf3 Nc2
51. d5 Ne1+ 52. Kf2 Nxd3+ 53. Nxd3 Rd7 54. Nb4 Rd6 55. Kf3 Rb6 56. Nc6 Rxa6 57. g3 Ra3+ 58. Kf2 Kf6 59. h4 a5 60. Kg2 a4
61. Nb4 Ke5
0-1

[Event "Summer Tournament for the intermediate players."]
[Site "SchemingMind.com"]
[Date "2009.06.21"]
[Round "-"]
[White "e_castle3"]
[Black "echecs"]
[Result "1-0"]
[WhiteCountry "PHI"]
[BlackCountry "ENG"]
[WhiteElo "1747"]
[WhiteRD "69"]
[BlackElo "1802"]
[BlackRD "61"]
[GameID "209490"]

1. e4 e5 2. Nf3 Nc6 3. Bb5 a6 4. Ba4 Nf6 5. O-O b5 6. Bb3 Bb7 7. Ng5 d5 8. exd5 Nxd5 9. d3 Be7 10. Nf3 O-O
11. Nc3 Nxc3 12. bxc3 Bf6 13. Bb2 Ne7 14. Re1 Ng6 15. Re3 Bg5 16. Nxg5 Qxg5 17. Rg3 Qd8 18. Qh5 Re8 19. Rh3 h6 20. Qxg6 Qg5
21. Qxf7+ Kh7 22. Rg3 Qf6 23. Qxc7 Rab8 24. Ba3 Rec8 25. Qa5 h5 26. Re1 h4 27. Rg4 h3 28. Qb4 Bxg2 29. Rh4+ Kg6 30. Qg4+ Qg5
31. Bf7+ Kf6 32. Be7+
1-0

[Event "Summer Tournament for the intermediate players."]
[Site "SchemingMind.com"]
[Date "2009.07.01"]
[Round "-"]
[White "Fred Fanelli"]
[Black "rodk"]
[Result "0-1"]
[WhiteCountry "USA"]
[BlackCountry "USA"]
[WhiteElo "1479"]
[WhiteRD "92"]
[BlackElo "1632"]
[BlackRD "83"]
[GameID "210274"]

1. c4 Nf6 2. Nc3 g6 3. Nf3 Bg7 4. d4 O-O 5. e3 d6 6. h3 c5 7. Be2 a6 8. O-O Nbd7 9. Bd2 Rb8 10. b3 b6
11. Bd3 Bb7 12. d5 Ne5 13. Nxe5 dxe5 14. Ne4 Nxe4 15. Bxe4 e6 16. f3 exd5 17. Bd3 e4 18. Be2 Bxa1 19. Qxa1 d4 20. exd4 cxd4
21. Bf4 d3
0-1

[Event "Summer Tournament for the intermediate players."]
[Site "SchemingMind.com"]
[Date "2009.07.01"]
[Round "-"]
[White "rodk"]
[Black "Fred Fanelli"]
[Result "1-0"]
[WhiteCountry "USA"]
[BlackCountry "USA"]
[WhiteElo "1628"]
[WhiteRD "85"]
[BlackElo "1488"]
[BlackRD "91"]
[GameID "210281"]

1. d4 d5 2. c4 dxc4 3. e3 e6 4. Nc3 Nf6 5. Bxc4 c5 6. Nf3 Nc6 7. O-O h6 8. b3 a6 9. Bb2 Be7 10. dxc5 Bxc5
11. Qxd8+ Nxd8 12. Ne2 O-O 13. Bxf6 gxf6 14. Rac1 Ba3 15. Rc2 Nc6 16. Rd1 b5 17. Bd3 Bb7 18. Be4 Rac8 19. Ned4 Rfd8 20. Rcd2 Rd6
21. Nxc6 Bxc6 22. Bxc6 Rxd2 23. Rxd2 Rxc6 24. g3 e5 25. Nh4 Kg7 26. Nf5+ Kg6 27. g4 Rc7 28. Rd8 Kg5 29. Rg8#
1-0

[Event "Summer Tournament for the intermediate players."]
[Site "SchemingMind.com"]
[Date "2009.07.02"]
[Round "-"]
[White "Brian Acebo"]
[Black "jtrochez1"]
[Result "1-0"]
[WhiteCountry "USA"]
[BlackCountry "HON"]
[WhiteElo "1620"]
[WhiteRD "64"]
[BlackElo "1594"]
[BlackRD "53"]
[GameID "210496"]

1. d4 d5 2. c4 e6 3. e3 Nf6 4. Nf3 Nbd7 5. Nc3 Be7 6. c5 c6 7. Bd3 O-O 8. O-O h6 9. b4 b5 10. Re1 Qc7
11. e4 Re8 12. e5 Nh7 13. Qc2 f5 14. exf6 Ndxf6 15. h3 Bf8 16. a4 g5 17. axb5 Bd7 18. bxc6 Bxc6 19. Ne5 Ne4 20. Nxc6 Qxc6
21. Nxe4 Red8 22. Ng3 Nf6 23. Ra6 Qc8 24. Raxe6 Bg7 25. Nf5 Bf8 26. Rxf6 Rd7 27. Nxh6+ Bxh6 28. Rxh6 Rg7 29. Bh7+ Kf8 30. Rf6+
1-0

[Event "Summer Tournament for the intermediate players."]
[Site "SchemingMind.com"]
[Date "2009.07.01"]
[Round "-"]
[White "jtrochez1"]
[Black "Brian Acebo"]
[Result "1/2-1/2"]
[WhiteCountry "HON"]
[BlackCountry "USA"]
[WhiteElo "1629"]
[WhiteRD "54"]
[BlackElo "1581"]
[BlackRD "64"]
[GameID "210504"]

1. e4 c5 2. Nf3 d6 3. d4 cxd4 4. Nxd4 Nf6 5. Nc3 a6 6. Nb3 Qb6 7. Be3 Qc6 8. Bd3 g6 9. h3 Bg7 10. Nd4 Qc7
11. O-O O-O 12. Rc1 b5 13. Nce2 Bb7 14. Ng3 Nbd7 15. f4 e6 16. b4 Rac8 17. c4 bxc4 18. Rxc4 Qd8 19. Rxc8 Qxc8 20. f5 exf5
21. exf5 Ne5 22. Be2 Qc3 23. Qd2 Qxd2 24. Bxd2 Ned7 25. a4 Rc8 26. Bf4 d5 27. a5 Ne4 28. Nf3 Nxg3 29. Bxg3 Re8 30. Kf2 Re4
31. Bd6 Bf8 32. Bxf8 Kxf8 33. Ng5 Rf4+ 34. Kg1 Rxf1+ 35. Kxf1 h6 36. Nf3 Ke7 37. fxg6 fxg6 38. g4 Ke6 39. Kf2 Nf6 40. Ke3 g5
41. Nd4+ Ke5 42. b5 axb5 43. Nxb5 Nd7 44. Nc7 Kd6 45. Ne8+ Kc5 46. a6 Bc6 47. Nc7 Kb6 48. Ne6 Nb8 49. Nd8 Be8 50. Kd4 Nxa6
51. Bxa6 Kxa6 52. Kxd5 Kb6 53. Ke4 Kc7 54. Ne6+ Kd6 55. Ng7 Bg6+ 56. Kd4 Kd7 57. Ke5 Bd3 58. Nf5 Bf1 59. Nxh6 Bxh3 60. Kf5 Bxg4+
61. Nxg4 Kd6 62. Kxg5
1/2-1/2

[Event "Summer Tournament for the intermediate players."]
[Site "SchemingMind.com"]
[Date "2009.07.01"]
[Round "-"]
[White "Teagy"]
[Black "nasmichael"]
[Result "0-1"]
[WhiteCountry "ENG"]
[BlackCountry "USA"]
[WhiteElo "1801"]
[WhiteRD "75"]
[BlackElo "1729"]
[BlackRD "94"]
[GameID "210819"]

1. e4 e5 2. f4 Nc6 3. Nf3 d6 4. Bc4 Be6 5. Bxe6 fxe6 6. fxe5 dxe5 7. O-O Nf6 8. Nc3 Bc5+ 9. Kh1 Qe7 10. a3 a6
11. d3 O-O 12. Bg5 b5 13. Ne2 h6 14. Bxf6 Rxf6 15. c3 Raf8 16. d4 exd4 17. cxd4 Bb6 18. Qc2 Nd8 19. e5 Rf5 20. Rad1 c5
21. d5 exd5 22. Rxd5 Ne6 23. Ng3 Rf4 24. Qd1 Ng5 25. Rd7 Qe8 26. Qd5+ Kh8 27. Qb7 Qb8 28. Rxg7 Qxb7 29. Rxb7 Bd8 30. Kg1 Ne6
31. Ne2 R4f7 32. Rxf7 Rxf7 33. Nc3 Kg7 34. Ne4 c4 35. Nd6 Rf8 36. Nd2 Bb6+
0-1

[Event "Summer Tournament for the intermediate players."]
[Site "SchemingMind.com"]
[Date "2009.07.01"]
[Round "-"]
[White "nasmichael"]
[Black "Teagy"]
[Result "1-0"]
[WhiteCountry "USA"]
[BlackCountry "ENG"]
[WhiteElo "1729"]
[WhiteRD "94"]
[BlackElo "1801"]
[BlackRD "75"]
[GameID "210826"]

1. e4 e6 2. d4 d5 3. Nc3 Bb4 4. e5 c5 5. Nf3 cxd4 6. Qxd4 Nc6 7. Bb5 Bd7 8. Bxc6 Bxc3+ 9. Qxc3 bxc6 10. Be3 Ne7
11. O-O O-O 12. b4 Nf5 13. Bc5 Re8 14. Rad1 f6 15. Rfe1 a5 16. a3 axb4 17. axb4 Bc8 18. g4 Nh6 19. h3 Nf7 20. exf6 Qxf6
21. Bd4 e5 22. Nxe5 Nxe5 23. Bxe5 Qg6 24. f3 Ba6 25. Bd4 Bc4 26. Rxe8+ Rxe8 27. Re1 Rxe1+ 28. Qxe1 Kf7 29. c3 Qe6= 30. Qxe6+ Kxe6
31. Bxg7 Kf7 32. Bd4 Kg6 33. Kf2 Kg5 34. Kg3 Kg6 35. h4 Kf7 36. Kf4
1-0

[Event "Summer Tournament for the intermediate players."]
[Site "SchemingMind.com"]
[Date "2009.07.04"]
[Round "-"]
[White "thefriediceman"]
[Black "PStuart"]
[Result "1-0"]
[WhiteCountry "USA"]
[BlackCountry "USA"]
[WhiteElo "1895"]
[WhiteRD "67"]
[BlackElo "1812"]
[BlackRD "95"]
[GameID "211139"]

1. e4 c6 2. d4 d5 3. Nc3 dxe4 4. Nxe4 Bf5 5. Ng3 Bg6 6. h4 h6 7. h5 Bh7 8. Nf3 Nd7 9. Bd3 Bxd3 10. Qxd3 Qc7
11. Bd2 Ngf6 12. O-O-O e6 13. Qe2 O-O-O 14. Ne5 Nxe5 15. dxe5 Nd5 16. f4 Bc5 17. Ne4 Qe7 18. Qc4 Bb6 19. Nd6+ Kb8 20. a4 Bc7
21. Ne4 Nb6 22. Qb3 Rd7 23. Bb4 Qe8 24. Rxd7 Nxd7 25. Bd6 Qc8 26. Rd1 Rd8 27. Bxc7+ Qxc7 28. Nd6 Nc5 29. Qb4 Na6 30. Qc4 c5
31. Qb5 Qd7 32. Qxd7 Rxd7 33. Ne8 Kc8 34. Rxd7 Kxd7 35. Nd6 b6 36. Nxf7 Nb4 37. Nd6 Nd5 38. g3 Ne3 39. Ne4 Nd5 40. Kd2
1-0

[Event "Summer Tournament for the intermediate players."]
[Site "SchemingMind.com"]
[Date "2009.07.04"]
[Round "-"]
[White "PStuart"]
[Black "thefriediceman"]
[Result "0-1"]
[WhiteCountry "USA"]
[BlackCountry "USA"]
[WhiteElo "1812"]
[WhiteRD "95"]
[BlackElo "1895"]
[BlackRD "67"]
[GameID "211144"]

1. d4 Nf6 2. Nf3 g6 3. Bf4 Bg7 4. e3 d5 5. Be2 O-O 6. O-O Nbd7 7. c3 Nb6 8. Nbd2 Nh5 9. Ne5 Nxf4 10. exf4 Nd7
11. Ndf3 Nxe5 12. fxe5 f6 13. exf6 exf6 14. Bd3 Bd7 15. Qd2 Re8 16. h3 Re6 17. Rfe1 Qf8 18. Rxe6 Bxe6 19. Re1 Re8 20. Re2 Bd7
21. Rxe8 Qxe8 22. Qe2= Qxe2 23. Bxe2 Bh6 24. b3 Bf5 25. c4 Bb1 26. cxd5 Bxa2 27. Bd1 Bb1 28. Be2 a6 29. Bc4 Kf8 30. b4 Ke7
31. Kf1 Kd6 32. Nh2 Be4 33. Ng4 Bg7 34. Ne3 f5
0-1

[Event "Summer Tournament for the intermediate players."]
[Site "SchemingMind.com"]
[Date "2009.07.06"]
[Round "-"]
[White "R.Leydon"]
[Black "fredget"]
[Result "1-0"]
[WhiteCountry "IRL"]
[BlackCountry "FRA"]
[WhiteElo "1454"]
[WhiteRD "73"]
[BlackElo "1311"]
[BlackRD "143"]
[GameID "211294"]

1. e4 e5 2. Nf3 Nc6 3. d4 Bb4+ 4. c3 Ba5 5. dxe5 Nge7 6. Bg5 h6 7. Bf4 g5 8. Bg3 O-O 9. Bc4 a6 10. O-O Ng6
11. Qd5 Qe7 12. b4 g4 13. bxa5 gxf3 14. gxf3 Ncxe5 15. f4 Nxc4 16. Qxc4 d6 17. Nd2 Be6 18. Qe2 f5 19. Rfe1 Rf6 20. Qh5 Kh7
21. Nf3 Kg7 22. exf5 Qf7 23. Rxe6 Rxe6 24. fxe6 Qxe6 25. f5 Qd5 26. Qxg6+ Kh8 27. Qxh6+ Kg8 28. Qh5 Re8 29. Qxe8+ Kg7 30. Qg6+ Kf8
31. Ng5 b6 32. Re1 Qxa2 33. Nh7#
1-0

[Event "Summer Tournament for the intermediate players."]
[Site "SchemingMind.com"]
[Date "2009.07.07"]
[Round "-"]
[White "fredget"]
[Black "R.Leydon"]
[Result "0-1"]
[WhiteCountry "FRA"]
[BlackCountry "IRL"]
[WhiteElo "1311"]
[WhiteRD "143"]
[BlackElo "1454"]
[BlackRD "73"]
[GameID "211296"]

1. e4 e5 2. Nc3 Nc6 3. Bc4 Nf6 4. Nf3 Bc5 5. Ng5 O-O 6. Qf3 h6 7. Bxf7+ Kh8 8. Bg6 Nd4 9. Qd3 d6 10. Nf7+ Rxf7
11. Bxf7 Bg4 12. f3 Bh5 13. Bd5 c6 14. Bc4 d5 15. Bb3 Bg6 16. Na4 dxe4 17. Qc3 Bb6 18. d3 Ba5 19. Qxa5 Qxa5+ 20. Bd2 Qd8
21. c3 Nxb3 22. axb3 exd3 23. Nc5 Qe7 24. b4 Nd5 25. O-O-O Nb6 26. Nxd3 Bxd3 27. Be3 Be2 28. Rde1 Bc4 29. Rd1 Nd5 30. Rhe1 Qh4
31. Kd2 Qxh2 32. Rg1 Rd8 33. Bxa7 Nxb4+ 34. Kc1 Rxd1+ 35. Rxd1 Qxg2 36. Bb8 Qg5+ 37. Kb1 Nd5 38. Kc2 Ne3+ 39. Kc1 Nxd1+ 40. Kxd1 e4
41. Kc2 exf3 42. b3 Qg2+ 43. Kd1 Bxb3+ 44. Ke1 Qe2#
0-1

[Event "Summer Tournament for the intermediate players."]
[Site "SchemingMind.com"]
[Date "2009.07.09"]
[Round "-"]
[White "ThulsaDoom"]
[Black "capablanca"]
[Result "0-1"]
[WhiteCountry "USA"]
[BlackCountry "GER"]
[WhiteElo "1543"]
[WhiteRD "98"]
[BlackElo "1623"]
[BlackRD "56"]
[GameID "211374"]

1. e4 e5 2. Nf3 Nc6 3. Bb5 a6 4. Ba4 Nf6 5. O-O b5 6. Bb3 Be7 7. Re1 O-O 8. c3 d6 9. h3 Bb7 10. d4 Na5
11. Bc2 c5 12. d5 Bc8 13. Nbd2 Re8 14. Nf1 g6 15. Ng3 Bf8 16. Bg5 Bg7 17. Qc1 Qb6 18. Bh6 Nb7 19. Bxg7 Kxg7 20. a4 Bd7
21. axb5 axb5 22. Qd2 Ra6 23. Rxa6 Qxa6 24. b4 Ra8 25. Bd3 Qa2 26. Re2 Qxd2 27. Rxd2 Ra3 28. Rc2 cxb4 29. Ne2 bxc3 30. Rxc3 Rxc3
31. Nxc3 b4 32. Nb1 Nc5 33. Ne1 Nfxe4 34. Bxe4 Nxe4 35. Nd3 b3 36. Nb2 Bb5 37. f3 Nf6 38. Nc3 Bd7 39. Kf2 Bc8 40. Ke3 Bb7
0-1

[Event "Summer Tournament for the intermediate players."]
[Site "SchemingMind.com"]
[Date "2009.07.08"]
[Round "-"]
[White "capablanca"]
[Black "ThulsaDoom"]
[Result "0-1"]
[WhiteCountry "GER"]
[BlackCountry "USA"]
[WhiteElo "1629"]
[WhiteRD "57"]
[BlackElo "1576"]
[BlackRD "99"]
[GameID "211379"]

1. e4 e5 2. Nf3 Nf6 3. Nxe5 d6 4. Nf3 Nxe4 5. d3 Nf6 6. d4 d5 7. Bd3 Bd6 8. O-O O-O 9. Re1 Nc6 10. c3 Bg4
11. h3 Bh5 12. Nbd2 Re8 13. Rxe8+ Qxe8 14. Nf1 Ne4 15. Be2 Qe7 16. Ne5 Bxe2 17. Qxe2 Nxe5 18. dxe5 Qxe5 19. Be3 Re8 20. Bd4 Nxc3
21. Qg4 Ne2+
0-1

[Event "Summer Tournament for the intermediate players."]
[Site "SchemingMind.com"]
[Date "2009.07.08"]
[Round "-"]
[White "diggies"]
[Black "mmccaffe"]
[Result "1-0"]
[WhiteCountry "USA"]
[BlackCountry "USA"]
[WhiteElo "1740"]
[WhiteRD "84"]
[BlackElo "1631"]
[BlackRD "61"]
[GameID "211586"]

1. e4 e5 2. Nf3 Nf6 3. d3 Nc6 4. Bg5 Be7 5. c3 d6 6. h3 O-O 7. Be2 a6 8. O-O b5 9. a4 b4 10. cxb4 Nxb4
11. b3 a5 12. Nbd2 h6 13. Bh4 g5 14. Bg3 Ba6 15. Nc4 Bxc4 16. dxc4 Nxe4 17. Nd2 Nxd2 18. Qxd2 Bf6 19. Rad1 Qe7 20. f3 Rfd8
21. Be1 d5 22. Qc1 e4 23. fxe4 dxe4 24. Rxd8+ Rxd8 25. Bxb4 axb4 26. Kh1 Bd4 27. Bh5 f6 28. Qc2 Bc3 29. Rf2 e3 30. Re2 Rd2
31. Qg6+ Qg7 32. Qxg7+ Kxg7 33. Rxe3 Be5 34. g3 Rd6 35. Bf3 Kf8 36. c5 Rd4 37. a5 Rd2 38. Bc6 Ra2 39. Ba4 Ra1+ 40. Kg2 Ra2+
41. Kf3 Rc2 42. c6 Rc3 43. Ke2 Bd4 44. Rd3 Rxd3 45. Kxd3 Bf2 46. a6 Ba7= 47. Kc4 f5 48. Kxb4 f4 49. g4 f3 50. Bb5 Ke7
51. Bf1 Ke6 52. Kc4 Ke5 53. b4 Kf4 54. Kd5 Ke3 55. Ke6 Kf2 56. Bc4 Kg2 57. Kd7 Bb6 58. Kc8 Kxh3 59. Kb7 Kxg4 60. a7 Bxa7
61. Kxa7 h5 62. Kb7 h4 63. Kxc7 h3 64. Kb8 h2 65. c7 h1=Q 66. c8=Q+ Kg3 67. b5 Qe1 68. Qc6 Qe5+ 69. Qc7 Qf4 70. b6 Kg4
71. Qxf4+ Kxf4 72. b7 g4 73. Ka7 g3 74. b8=Q+ Kg4 75. Be6+ Kh4 76. Qd8+ Kh5 77. Bf7+ Kg4 78. Be6+ Kf4 79. Qd4+
1-0

[Event "Summer Tournament for the intermediate players."]
[Site "SchemingMind.com"]
[Date "2009.07.08"]
[Round "-"]
[White "mmccaffe"]
[Black "diggies"]
[Result "0-1"]
[WhiteCountry "USA"]
[BlackCountry "USA"]
[WhiteElo "1530"]
[WhiteRD "61"]
[BlackElo "1722"]
[BlackRD "93"]
[GameID "211590"]

1. c4 e5 2. Nc3 Nf6 3. g3 Be7 4. Bg2 c6 5. e3 O-O 6. Nge2 d6 7. O-O Bg4 8. Qb3 Qc8 9. d4 exd4 10. exd4 Rd8
11. Be3 h6 12. Nf4 Nbd7 13. Rfe1 Nb6 14. a4 a5 15. c5 dxc5 16. dxc5 Nbd7 17. h3 Bf5 18. g4 Bh7 19. Rad1 Kf8 20. Re2 Bg8
21. Rde1 g5 22. Nd3 Bh7 23. Bxg5 Bxc5 24. Bxh6+ Kg8 25. Nxc5 Nxc5 26. Qc4 Ne6 27. f4 Bd3 28. Qb3 Bxe2 29. Nxe2 Qd7 30. g5 Nh5
31. f5 Nef4 32. Nxf4 Nxf4 33. Re4 Nd5 34. Rd4 Qxf5 35. Bxd5 cxd5 36. Qc3 Qe5 37. g6 fxg6 38. Qd3 Ra6 39. Rg4 Kh7 40. Rh4 Qe1+
41. Qf1 Qxh4
0-1

[Event "Summer Tournament for the intermediate players."]
[Site "SchemingMind.com"]
[Date "2009.07.10"]
[Round "-"]
[White "Clive Everill"]
[Black "marks"]
[Result "0-1"]
[WhiteCountry "CZE"]
[BlackCountry "PHI"]
[WhiteElo "1620"]
[WhiteRD "50"]
[BlackElo "1694"]
[BlackRD "96"]
[GameID "211900"]

1. e4 e5 2. f4 exf4 3. Nf3 d6 4. d4 g5 5. h4 g4 6. Nfd2 Be7 7. h5 Bh4+ 8. Ke2 Qf6 9. c3 Nc6 10. Na3 Nh6
11. Nb5 Kd8 12. Qa4 a6 13. Na3 Re8 14. d5 Ne5 15. b4 Nc4 16. Naxc4 Qxc3 17. Bb2 Rxe4+ 18. Nxe4 Qxc4+ 19. Kd2 Qxe4 20. Rxh4 Qe3+
21. Kd1 Ng8 22. Qc2 Bd7 23. Qxh7 Ba4+ 24. Qc2 Bxc2+ 25. Kxc2 Qf2+
0-1

[Event "Summer Tournament for the intermediate players."]
[Site "SchemingMind.com"]
[Date "2009.07.10"]
[Round "-"]
[White "maro"]
[Black "jesusch"]
[Result "0-1"]
[WhiteCountry "MEX"]
[BlackCountry "ESP"]
[WhiteElo "1328"]
[WhiteRD "52"]
[BlackElo "1845"]
[BlackRD "87"]
[GameID "211901"]

1. d4 d5 2. c4 e6 3. c5 b6 4. Qa4+ Bd7 5. c6 Nxc6 6. e3 Bb4+ 7. Bd2 Nxd4 8. Qd1 Bxd2+ 9. Nxd2 Nc6 10. Bd3 e5
11. Bb5 Qf6 12. Ba6 Qg6 13. g3 Nb4 14. e4 Nxa6 15. exd5 Nb4 16. Nc4 Nc2+ 17. Kf1 Nxa1 18. d6 Qe4 19. b3 Qxh1 20. dxc7 Nf6
21. Nd6+ Ke7
0-1

[Event "Summer Tournament for the intermediate players."]
[Site "SchemingMind.com"]
[Date "2009.07.11"]
[Round "-"]
[White "marks"]
[Black "Clive Everill"]
[Result "0-1"]
[WhiteCountry "PHI"]
[BlackCountry "CZE"]
[WhiteElo "1694"]
[WhiteRD "96"]
[BlackElo "1620"]
[BlackRD "50"]
[GameID "211905"]

1. Nf3 c5 2. e4 Nc6 3. Bc4 e6 4. O-O Nf6 5. e5 Ng4 6. Re1 d5 7. d4 dxc4 8. h3 Nxf2 9. Kxf2 cxd4 10. c3 d3
11. Be3 Be7 12. Nbd2 b5 13. a4 Ba6 14. b4 O-O 15. axb5 Bxb5 16. Kg1 a5 17. bxa5 Nxa5 18. Ne4 Qd5 19. Ng3 Nb3 20. Rxa8 Rxa8
0-1

[Event "Summer Tournament for the intermediate players."]
[Site "SchemingMind.com"]
[Date "2009.07.11"]
[Round "-"]
[White "jesusch"]
[Black "maro"]
[Result "1-0"]
[WhiteCountry "ESP"]
[BlackCountry "MEX"]
[WhiteElo "1845"]
[WhiteRD "87"]
[BlackElo "1328"]
[BlackRD "52"]
[GameID "211906"]

1. e4 f5 2. exf5 Nf6 3. d4 d5 4. Bb5+ Bd7 5. Bd3 Nc6 6. c3 e5 7. dxe5 Nxe5 8. Bc2 Bc5 9. Nh3 g6 10. fxg6 hxg6
11. Qe2 Bd6 12. f4 Bg4 13. Qe3 Qe7 14. fxe5 Bxe5 15. Bxg6+ Kf8 16. O-O Bxh3 17. gxh3 Qg7 18. Qxe5 Qxg6+ 19. Bg5 Rh7 20. Rxf6+
1-0

[Event "Summer Tournament for the intermediate players."]
[Site "SchemingMind.com"]
[Date "2009.07.15"]
[Round "-"]
[White "Schaakmaatje"]
[Black "THart"]
[Result "0-1"]
[WhiteCountry "NED"]
[BlackCountry "USA"]
[WhiteElo "1671"]
[WhiteRD "49"]
[BlackElo "1770"]
[BlackRD "73"]
[GameID "212067"]

1. e4 c6 2. d4 d5 3. Nc3 dxe4 4. Nxe4 Nd7 5. Bf4 Ngf6 6. Bd3 Nxe4 7. Bxe4 Nf6 8. f3 e6 9. Ne2 Be7 10. c3 Nxe4
11. fxe4 O-O 12. O-O b6 13. Qd2 Bb7 14. Rae1 c5 15. Ng3 cxd4 16. cxd4 Bh4 17. Re3 Qd7 18. Rc1 Rac8 19. Ne2 Rxc1+ 20. Qxc1 Rc8
21. Qd2 f6 22. g3 Bg5 23. Nc3 e5 24. Bxg5 fxg5 25. Rd3 Ba6 26. Rf3 Qxd4+ 27. Qxd4 exd4 28. Nd5 Rc1+ 29. Kg2 h6 30. Ne7+ Kh7
31. Rf7 Bb7 32. Nd5 Bxd5 33. exd5 d3 34. d6 d2 35. d7 d1=Q 36. Kf2 Qd2+
0-1